Čarokrásná ševcová

Hlavní autor: García Lorca, Federico, 1898-1936
Jazyk: Čeština
Vydáno: Praha, 1957
Knihy
Uloženo v:
LEADER 00492nam a22001692a 4500
001 000109866
003 CZ BrMZK
005 19961101143423.0
007 ta
008 950101s1957 xr f cze d
040 |a BOA001  |b cze 
100 1 |a García Lorca, Federico,  |d 1898-1936  |7 jn19981001316 
245 1 0 |a Čarokrásná ševcová 
260 |a Praha,  |c 1957 
910 |a BOA001  |b 4-0376.349 
990 |a BK 
996 7 |b 2619966911  |c 4-0376.349  |l MZK  |r Sklad / do 24 hodin  |n 8  |w 000109866  |u 000010  |a 1  |e BOA001  |j MZK50  |s A